|
|
|
|
| LEADER |
00000nam a2200000 a 4500 |
| 001 |
vtls001312291 |
| 003 |
SK-MaSNL |
| 005 |
20260301155831.0 |
| 008 |
240314s1984 xx 0 und |
| 035 |
|
|
|a SNK000264688
|
| 040 |
|
|
|a SNK
|b slo
|c SNK
|e AACR2
|
| 100 |
1 |
|
|a Haller, Klaus
|4 aut
|9 357063
|
| 245 |
1 |
0 |
|a Katalogisierung nach den RAK-WB
|b Eine Einführung in die Regeln für die alphabetische Katalogisierung in wissenschaftlichen Bibliotheken
|
| 260 |
|
|
|a München
|b K. G. Saur
|c 1984
|
| 300 |
|
|
|a 293 s.
|
| 958 |
|
|
|a OND
|
| 999 |
|
|
|c 802881
|d 804811
|
| 952 |
|
|
|t P60, <04>, [BOOK], {604}
|a SNK
|b SNK
|y VYP
|7 0
|p 17A0096480
|o snkIC 100569
|0 0
|1 0
|4 0
|d 1997-11-27
|l 0
|r 2005-01-02 00:00:00
|w 2026-02-24
|